Robin Hood : (Record no. 3825)

MARC details
000 -LEADER
fixed length control field 01063cam a2200277 a 4500
005 - DATE AND TIME OF LATEST TRANSACTION
control field 20240515132836.0
020 ## - INTERNATIONAL STANDARD BOOK NUMBER
International Standard Book Number 9780789453914
040 ## - CATALOGING SOURCE
Original cataloging agency DLC
Transcribing agency DLC
Modifying agency DLC
Language of cataloging eng
050 00 - LIBRARY OF CONGRESS CALL NUMBER
Classification number PZ8.1.B8715
Item number 2000
082 00 - DEWEY DECIMAL CLASSIFICATION NUMBER
Classification number 398.2
100 1# - MAIN ENTRY--PERSONAL NAME
Personal name Bull, Angela
Dates associated with a name 1936-
245 10 - TITLE STATEMENT
Title Robin Hood :
Remainder of title the tale of the great outlaw hero /
Statement of responsibility, etc. by Angela Bull ; illustrated by Nick Harris.
250 ## - EDITION STATEMENT
Edition statement First American Edition , 2000
260 ## - PUBLICATION, DISTRIBUTION, ETC.
Place of publication, distribution, etc. New York :
Name of publisher, distributor, etc. DK Publishing ;
Date of publication, distribution, etc. 2000
300 ## - PHYSICAL DESCRIPTION
Extent 48 pages :
Other physical details color illustrations ;
Dimensions 24 cm.
490 ## - SERIES STATEMENT
Series statement DK Readers
505 ## - FORMATTED CONTENTS NOTE
Formatted contents note R <br/>
520 ## - SUMMARY, ETC.
Summary, etc. Recounts the life and adventures of Robin Hood, who, with his band of followers, lived as an outlaw in Sherwood Forest dedicated to fighting tyranny. Illustrated notes throughout the text explain the historical background of the story.
521 ## - TARGET AUDIENCE NOTE
Target audience note 710 <br/>
Source Lexile <br/>
521 ## - TARGET AUDIENCE NOTE
Target audience note R <br/>
Source Raz-Plus <br/>
650 #1 - SUBJECT ADDED ENTRY--TOPICAL TERM
Topical term or geographic name entry element Folklore
Geographic subdivision England.
700 1# - ADDED ENTRY--PERSONAL NAME
Personal name Harris, Nick
Dates associated with a name 1958-
Relator term illustrator
906 ## - LOCAL DATA ELEMENT F, LDF (RLIN)
a 7
b cbc
c orignew
d 1
e ocip
f 19
g y-gencatlg
942 ## - ADDED ENTRY ELEMENTS (KOHA)
Source of classification or shelving scheme Dewey Decimal Classification
Koha item type Books
Suppress in OPAC No
999 ## -
-- 3825
-- 3825
Holdings
Withdrawn status Lost status Source of classification or shelving scheme Damaged status Not for loan Collection Home library Current library Shelving location Date acquired Total Checkouts Full call number Barcode Date last seen Price effective from Koha item type
    Dewey Decimal Classification     Fiction Footprints International School Library Network Toul Kork Campus Footprints International School Library Network Toul Kork Campus   05/15/2024   BUL 398.2 PZ8.B8715 FISTK01431 05/15/2024 05/15/2024 Books